Electrocatalysts for Oxygen/Hydrogen-Involved Reactions (Record no. 34785)
[ view plain ]
| 000 -LEADER | |
|---|---|
| fixed length control field | 01205nam a2200133Ia 4500 |
| 008 - FIXED-LENGTH DATA ELEMENTS--GENERAL INFORMATION | |
| fixed length control field | 220620s9999||||xx |||||||||||||| ||und|| |
| 020 ## - INTERNATIONAL STANDARD BOOK NUMBER | |
| International Standard Book Number | 9783040000000 |
| 245 #0 - TITLE STATEMENT | |
| Title | Electrocatalysts for Oxygen/Hydrogen-Involved Reactions |
| 546 ## - LANGUAGE NOTE | |
| Language note | English[eng] |
| 650 ## - SUBJECT ADDED ENTRY--TOPICAL TERM | |
| Topical term or geographic name entry element | SnSe||2D materials||hydrogen evolution||water splitting||DFT calculations||defect engineering||proton exchange membrane fuel cell||high energy efficiency||durability||degradation||Pt/C catalyst||anode||flexible electronics||nanosheets||SnO2||oxygen reduction reaction||fluorination||density functional theory||non-noble metal catalyst||N-doped carbon catalyst||hydrogen evolution reaction||porous carbon||PtNi alloy||platinum||nanoparticles||electrochemistry||reduced graphite oxide||microwave||ionic liquid||tunable aryl alkyl ionic liquid||metal-organic frameworks (MOF)||electrocatalysis||oxygen evolution reaction (OER)||nickel||ketjenblack||Sm0.5Sr0.5Co1−xNixO3−δ||perovskite||cathode electrocatalyst||OER/ORR||two-dimensional metal-organic framework||ligand||single-atom catalysts||oxygen evolution reaction||n/a |
| 700 ## - ADDED ENTRY--PERSONAL NAME | |
| Personal name | Guan, Jingqi||Wang, Yin |
| 856 ## - ELECTRONIC LOCATION AND ACCESS | |
| Uniform Resource Identifier | <a href="https://mdpi.com/books/pdfview/book/5371">https://mdpi.com/books/pdfview/book/5371</a> |
| 942 ## - ADDED ENTRY ELEMENTS (KOHA) | |
| Koha item type | E-Books |
| Withdrawn status | Lost status | Damaged status | Not for loan | Home library | Current library | Date acquired | Total Checkouts | Date last seen | Price effective from | Koha item type |
|---|---|---|---|---|---|---|---|---|---|---|
| Kerala University of Digital Sciences, Innovation and Technology Knowledge Centre | Kerala University of Digital Sciences, Innovation and Technology Knowledge Centre | 20/06/2022 | 20/06/2022 | 20/06/2022 | E-Books |